000 00652nam a2200229 a 4500
999 _c1371
_d1371
001 1371
003 BD-JhCC
005 20220524134021.0
008 171018s1998 bg |||| ||a| 000 0 ben d
020 _a9844100224
035 _a(BD-JhCC)1371
040 _aBD-JhCC
_dBD-JhCC
041 _aben
082 _a891.4409
_bSOF 1998
100 _aছফা, আহামদ
245 _aযদ্যপি আমার গুরু /
_cআহামদ ছফা
260 _aঢাকা :
_bমাওলা ব্রাদার্স,
_c1998
300 _a109 p. :
_c24 cm.
650 _aBengali Literature
942 _2ddc
_cBK
_05